La Gestió del bosc privat al Quebec (Canadà) = La Gestión de los montes privados en Quebec (Canadá) / Albert Mamarbachi ; Diputació de Barcelona. Àrea d'Espais Naturals. Oficina Tècnica de Prevenció Municipal d'Incendis Forestals
MARC
| LEADER | 00000nam a2200000Ia 4500 | ||
|---|---|---|---|
| 001 | 16932 | ||
| 008 | 160829s2004 xx 000 0 cat d | ||
| 020 | |a 84-9803-016-1 | ||
| 080 | |a C-2-397 | ||
| 100 | |a Manarbachi, Albert |9 32769 | ||
| 245 | |a La Gestió del bosc privat al Quebec (Canadà) = La Gestión de los montes privados en Quebec (Canadá) / Albert Mamarbachi ; Diputació de Barcelona. Àrea d'Espais Naturals. Oficina Tècnica de Prevenció Municipal d'Incendis Forestals | ||
| 260 | |a [Barcelona] : |b Institut d'Edicions de la Diputació de Barcelona, |c 2004 | ||
| 300 | |a 220 p. : |b taules; |c gràf., mapes ; |c 30 cm | ||
| 490 | |a Quaderns d'informació tècnica; 8 | ||
| 590 | |a Inclou la versió en català i en castellà | ||
| 650 | 0 | |a Boscos i silvicultura |z Quebec (Província) |9 32770 | |
| 650 | |a Ecologia |x Quebec |9 32771 | ||
| 650 | 0 | |a Gestió ambiental |9 37534 | |
| 710 | |a Barcelona (Catalunya : Província). |b Oficina Tècnica de Prevenció Municipal d'Incendis Forestals |9 9456 | ||
| 901 | |a Arxiu | ||
| 942 | |n 1 | ||
| 952 | |0 0 |1 0 |4 0 |6 C2397 |7 1 |9 46092 |a Arxiu |b Arxiu |d 2016-12-01 |l 0 |o C-2-397 |p 16932 |r 2016-12-01 00:00:00 |w 2016-12-01 |y ARXIU | ||
| 999 | |c 49594 |d 49594 | ||